00524 2200205 4500001002100000005001500021008004100036020002200077035001900099041000700118082001000125090001600135100002200151245004100173250000600214260003600220300003500256500001200291650001500303INLIS00000000002176020241224131128241224||||||||| | ||| |||| || |  a978-979-29-4436-5 0010-1224021760 aid0 a633.7 a633.7 RAH u0 aH. RAHMAT RUKMANA00aUntung Selangit dari Agribisnis Kopi a1 aYogyakartabLilyPublisherc2014 a23x16 cm, vi, 344 hlm.; ilus.: aCet. 14 0aAgribisnis